[Event "GM"]
[Site "Dubna RUS"]
[Date "2007.08.02"]
[Round "1"]
[White "Papin,V"]
[Black "Rakhmanov,A"]
[Result "1-0"]
[WhiteElo "2415"]
[BlackElo "2489"]

1.d4 d5 2.c4 Nc6 3.Nc3 dxc4 4.Nf3 Bg4 5.d5 Bxf3 6.exf3 Ne5 7.Bf4 Ng6 8.Bxc4 Nf6
9.Bg3 a6 10.O-O Rc8 11.Qb3 b5 12.Be2 c5 13.dxc6 e5 14.a4 b4 15.Bxa6 bxc3
16.Rfd1 Qc7 17.Bxc8 Qxc8 18.Qb7 Ne7 19.Bxe5 Qxc6 20.Bc7 Nfd5 21.Qxc6+ Nxc6
22.Rxd5 cxb2 23.Rb1 Bb4 24.Rxb2 O-O 25.Rc2  1-0

[Event "94th ch-GBR"]
[Site "Great Yarmouth ENG"]
[Date "2007.08.03"]
[Round "5"]
[White "Foord,D"]
[Black "Lyell,M"]
[Result "0-1"]
[WhiteElo "1950"]
[BlackElo "2187"]

1.d4 d5 2.c4 Nc6 3.e3 e5 4.dxe5 d4 5.a3 Bf5 6.Nf3 dxe3 7.Qxd8+ Rxd8 8.Bxe3 Nh6
9.h3 Bc2 10.Nc3 Nf5 11.Bg5 Rd7 12.Rc1 Bb3 13.Be2 h6 14.Bf4 g5 15.Bh2 Bg7
16.Ne4 Nfd4 17.Nc5 Re7 18.Nxb3 Nxb3 19.Rc3 Nbd4 20.Nxd4 Nxd4 21.Rd3 c5 22.Bf3 Bxe5
23.O-O O-O 24.Rb1 Rd8 25.Bd5 Kf8 26.Re3 Bxh2+ 27.Kxh2 Rde8 28.Rbe1 b6 29.Rxe7 Rxe7
30.Rxe7 Kxe7 31.Kg1 Ne2+ 32.Kf1 Nf4 33.Be4 Ke6 34.g3 Ke5 35.gxf4+ Kxe4 36.fxg5 hxg5
37.Kg2 Kf4 38.Kf1 Kf3 39.Kg1 f6 40.Kf1 f5 41.Kg1 Ke2 42.Kg2 f4 43.b3 a6 44.b4 Kd3
45.bxc5 bxc5 46.Kf3 Kxc4 47.Kg4 Kd3  0-1

[Event "Open"]
[Site "Dubna RUS"]
[Date "2007.08.05"]
[Round "2"]
[White "Zuzin,V"]
[Black "Grigoryeva,O2"]
[Result "1-0"]
[WhiteElo "2265"]
[BlackElo "1892"]

1.d4 d5 2.c4 Nc6 3.Nc3 dxc4 4.d5 Ne5 5.f4 Ng6 6.e4 e6 7.Bxc4 exd5 8.Bxd5 Be7
9.Qb3 Be6 10.Bxe6 fxe6 11.Qxe6 Qd6 12.Qxd6 Bxd6 13.e5 Bb4 14.Ne2 N8e7 15.Be3 Nd5
16.Bd2 Bxc3 17.bxc3 O-O 18.O-O Rae8 19.g3 h5 20.Rfd1 c5 21.c4 Nc7 22.Nc3 Rd8
23.Be3 b6 24.Nd5 Nxd5 25.Rxd5 Ne7 26.Rad1 Kf7 27.Kf2 Ke6 28.Kf3 Nc6 29.Ke4 g6
30.h3 Na5 31.g4 Nxc4 32.f5+ gxf5+ 33.gxf5+ Kf7 34.Bg5 Rde8 35.e6+ Kg8 36.Rd7 b5
37.Rg1 Kh8 38.Bh6 Nb6 39.Rxa7 Rg8 40.Bg7+ Kh7 41.Be5+  1-0

[Event "Scandinavian Chess Tournament"]
[Site "Taby SWE"]
[Date "2007.08.05"]
[Round "2"]
[White "Bjerke,S"]
[Black "Wang Yu A"]
[Result "1/2-1/2"]
[WhiteElo "2196"]
[BlackElo "2384"]

1.d4 d5 2.c4 Nc6 3.Nc3 dxc4 4.d5 Ne5 5.f4 Ng4 6.e4 e5 7.f5 h5 8.Nf3 Bc5 9.Bxc4 N8f6
10.Qe2 Bf2+ 11.Kd1 Bc5 12.Rf1 Qe7 13.h3 Nh6 14.Bg5 Bd7 15.Kc2 O-O-O 16.Rad1 Qd6
17.Kb1 Bb4 18.Nd2 Bxc3 19.bxc3 b5 20.Bd3 c5 21.c4 b4 22.Be3 Ba4 23.Bc2 Bxc2+
24.Kxc2 Nhg8 25.Qf2 Nd7 26.Nb3 Qa6 27.Kd3 Ngf6 28.Bxc5 Nxe4 29.Kxe4 Qxc4+
30.Kf3 Nf6 31.Be3 Nxd5 32.Kg3 Nc3 33.Rxd8+ Rxd8 34.Kh2 Nd1 35.Qf3 e4 36.Qf4 Qc7
37.Qxc7+ Kxc7 38.Bf4+ Kc6 39.Re1 Nc3 40.Be5 Nxa2 41.Rxe4 Re8 42.Re2 Nc3 43.Bxc3 Rxe2
44.Nd4+ Kd5 45.Nxe2 bxc3 46.Nxc3+ Ke5 47.g4 Kf4 48.Nd5+ Ke5  1/2-1/2

[Event "HZ Open"]
[Site "Vlissingen NED"]
[Date "2007.08.05"]
[Round "2"]
[White "Peralta,Fe"]
[Black "Kalisvaart,P"]
[Result "1-0"]
[WhiteElo "2546"]
[BlackElo "2104"]

1.d4 d5 2.c4 Nc6 3.Nc3 dxc4 4.Nf3 Bg4 5.d5 Bxf3 6.exf3 Ne5 7.Bf4 Ng6 8.Bxc4 Nf6
9.Bg3 e5 10.dxe6 Qxd1+ 11.Rxd1 fxe6 12.Nb5 Bb4+ 13.Ke2 Ke7 14.Nxc7 Rac8 15.Bb3 e5
16.Nb5 Nh5 17.a3 Nhf4+ 18.Bxf4 Nxf4+ 19.Kf1 Bc5 20.g3 Ng6 21.Ke2 a6 22.Nc3 Bd4
23.Nd5+ Kd6 24.Ne3 Rhf8 25.Nc2 Kc5 26.Nxd4 exd4 27.Rc1+ Kd6 28.Rxc8 Rxc8
29.f4 Ne7 30.Kd3 Nc6 31.Re1 b5 32.Re6+ Kd7 33.f5 Rf8 34.g4 a5 35.Bd5 Ne7
36.Kxd4 Rc8 37.Ra6 Rc2 38.Be6+ Kc7 39.Ra7+ Kd6 40.Rd7+  1-0

[Event "Open"]
[Site "Dubna RUS"]
[Date "2007.08.06"]
[Round "5"]
[White "Lugovoy,D"]
[Black "Kostin,K"]
[Result "1/2-1/2"]
[WhiteElo "2010"]
[BlackElo "2259"]

1.d4 d5 2.c4 Nc6 3.Bg5 dxc4 4.e3 Qd5 5.Nf3 Bg4 6.Nc3 Qxg5 7.Nxg5 Bxd1 8.Rxd1 h6
9.Nf3 e6 10.Bxc4 Bd6 11.O-O Nge7 12.e4 e5 13.d5 Nb8 14.Bb5+ Kf8 15.a3 g6
16.Rfe1 Kg7 17.Rc1 Rf8 18.Na4 a6 19.Bd3 Nd7 20.Nd2 b5 21.Nc3 f5 22.f3 f4
23.Na2 Bc5+ 24.Kf1 Nc8 25.Nb4 Nd6 26.Nc6 Kf6 27.b4 Be3 28.Rc2 Bxd2 29.Rxd2 Nb6
30.Na5 Rf7 31.Rc1 Rg8 32.Rdc2 Rgg7 33.h4 g5 34.hxg5+ hxg5 35.Rc6 g4 36.Nb7 Rh7
37.Nxd6 Rh1+ 38.Kf2 Rxc1 39.Rxc1 cxd6 40.Rc6 gxf3 41.Kxf3 Na4 42.Rxd6+ Kg5
43.Rxa6 Rc7 44.Rc6 Rb7 45.d6 Kf6 46.Rc7 Rb6 47.d7 Ke7 48.Kg4 Kd8 49.Ra7 Nb2
50.Be2 Nc4 51.Kf5 Rc6 52.Bh5 Ke7 53.Be8 Rf6+ 54.Kg5 Rd6 55.Ra8 Ne3 56.d8=Q+ Rxd8
57.Rxd8 Kxd8 58.Bxb5 Ke7 59.a4 Nxg2 60.Be2 Ne1 61.Kg4 Kd6 62.a5 Nc2 63.b5 Nd4
64.Bf1 Kc5 65.b6 Kc6 66.Bc4 Kb7 67.Bd5+ Ka6 68.Bc4+ Kxa5 69.b7 Nc6 70.Bd5 Nb8
71.Kf5 f3 72.Kxe5 Kb4 73.Kd4 f2 74.Bc4 Nc6+ 75.Kd5 Ne7+ 76.Kd6 Kxc4 77.Kxe7 f1=Q
78.b8=Q Qh1 79.e5 Qh4+ 80.Kd6 Qd4+ 81.Ke6 Qg4+ 82.Kf7 Qh5+ 83.Ke7 Qh4+ 84.Kd7 Qh7+
85.Kd6 Qg6+ 86.Kc7 Qe6 87.Kb7  1/2-1/2

[Event "Scandinavian Chess Tournament"]
[Site "Taby SWE"]
[Date "2007.08.07"]
[Round "6"]
[White "Wickstrom,L"]
[Black "Olsson,L"]
[Result "1/2-1/2"]
[WhiteElo "2139"]
[BlackElo "2377"]

1.d4 d5 2.c4 Nc6 3.Nf3 Bg4 4.cxd5 Bxf3 5.exf3 Qxd5 6.Be3 e6 7.Nc3 Bb4 8.Bd3 Nge7
9.O-O Qh5 10.Ne4 Bd6 11.Nxd6+ cxd6 12.Qb3 Rb8 13.Bf4 e5 14.dxe5 dxe5 15.Bg3 O-O
16.f4 exf4 17.Bxf4 Rbd8 18.Rad1 Rd4 19.Be3 Rb4 20.Qc2 Rc8 21.a3 Rh4 22.Be2 Qe5
23.g3 Nd4 24.Bxd4 Rxd4 25.Rxd4 Qxd4 26.Qb3 b6 27.Rd1 Qf6 28.Bg4 Rf8 29.Qc3 Qxc3
30.bxc3 Nc6 31.f4 Rd8 32.Rxd8+ Nxd8 33.Kf2 Kf8 34.Ke3 Ke7 35.Kd4 Kd6  1/2-1/2

[Event "HZ Open"]
[Site "Vlissingen NED"]
[Date "2007.08.07"]
[Round "5"]
[White "Nijs,N"]
[Black "Verduyn,F"]
[Result "1/2-1/2"]
[WhiteElo "2065"]
[BlackElo "2210"]

1.d4 d5 2.c4 Nc6 3.Nf3 Bg4 4.Nc3 e6 5.cxd5 exd5 6.Bf4 Bxf3 7.gxf3 Nf6 8.e3 Bb4
9.Bb5 O-O 10.O-O Bxc3 11.bxc3 Nh5 12.Bg3 f5 13.Bxc6 bxc6 14.Be5 f4 15.Kh1 Qh4
16.Qe2 Rae8 17.Rg1 Qh3 18.Raf1 g6 19.Bxc7 Ng7 20.Be5 Ne6 21.Rg2 Rf5 22.Qd1 Ng5
23.e4 dxe4 24.fxe4 Nxe4 25.Qb3+ Rf7 26.Bxf4 Qf3 27.Be3 Nd6 28.Rg1 Nf5 29.Qd1 Qe4
30.Qb1  1/2-1/2

[Event "Open"]
[Site "Dubna RUS"]
[Date "2007.08.08"]
[Round "9"]
[White "Andreev,Af"]
[Black "Kostin,K"]
[Result "1/2-1/2"]
[WhiteElo "2322"]
[BlackElo "2259"]

1.d4 d5 2.c4 Nc6 3.cxd5 Qxd5 4.Nf3 e5 5.Nc3 Bb4 6.Bd2 Bxc3 7.Bxc3 e4 8.Nd2 Nf6
9.e3 O-O 10.Qc2 Re8 11.h3 Qg5 12.g4 Qg6 13.Bg2 Be6 14.Nxe4 Nd5 15.O-O h5
16.gxh5 Qxh5 17.Ng3 Qh4 18.Qe4 Qh6 19.Qf3 Nxc3 20.bxc3 Bxh3 21.Rab1 Nd8 22.Rb5 Bd7
23.Rh5 Qf6 24.Qxf6 gxf6 25.Be4 Ne6 26.Kg2 Ng5 27.Bf3 Kg7 28.Bxb7 Rab8 29.Bf3 Rb2
30.Re1 Rxa2 31.d5 Ra4 32.Bd1 Rc4 33.f4 Nh7 34.Bc2 Nf8 35.Bf5 Rxf4 36.Bxd7 Nxd7
37.Reh1 Rxe3 38.Rh8 Rg4 39.R1h7+ Kg6 40.Rh6+ Kg7 41.R6h7+ Kg6  1/2-1/2

[Event "HZ Open"]
[Site "Vlissingen NED"]
[Date "2007.08.09"]
[Round "7"]
[White "Stange,W"]
[Black "Bollaart,J"]
[Result "1-0"]
[WhiteElo "2126"]
[BlackElo "1959"]

1.d4 d5 2.c4 Nc6 3.e3 e5 4.dxe5 d4 5.a3 dxe3 6.Qxd8+ Kxd8 7.Bxe3 Nxe5 8.Nc3 Bg4
9.f4 Nd7 10.h3 Be6 11.Nf3 Bc5 12.Bxc5 Nxc5 13.b4 Nd7 14.Bd3 Nh6 15.Kf2 Nb6
16.Rad1 Kc8 17.c5 Nd5 18.Nxd5 Bxd5 19.Rhe1 Rd8 20.g4 f5 21.g5 Be4 22.Bc4  1-0

[Event "HZ Open"]
[Site "Vlissingen NED"]
[Date "2007.08.09"]
[Round "7"]
[White "Delemarre,J"]
[Black "Zaragatski,I"]
[Result "1-0"]
[WhiteElo "2457"]
[BlackElo "2480"]

1.d4 d5 2.c4 Nc6 3.Nf3 e5 4.dxe5 Bb4+ 5.Bd2 dxc4 6.e3 Be6 7.Qa4 Bxd2+ 8.Nbxd2 a6
9.Nd4 b5 10.Nxc6 Qd7 11.Nb8 Qc8 12.Qa5 Qxb8 13.b3 c6 14.Qc3 Ne7 15.bxc4 O-O
16.Rb1 Ng6 17.f4 Qa7 18.Be2 f6 19.g4 bxc4 20.O-O Bd5 21.Rf2 fxe5 22.f5 Ne7
23.e4 Bf7 24.Qxe5 Rae8 25.Qc3 Nd5 26.Qf3 c3 27.Nc4 Qd4 28.Nd6 c2 29.Rc1 Qd2
30.Qa3 Nf4 31.Bf1 Qd4 32.Rxc2 Rd8 33.Rd2 Qe5 34.Nxf7 Kxf7 35.Qb3+ Kf6 36.g5+ Ke7
37.Qb7+ Ke8 38.Rxd8+ Kxd8 39.Rd2+ Nd5 40.Qxc6  1-0

[Event "HZ Open"]
[Site "Vlissingen NED"]
[Date "2007.08.09"]
[Round "7"]
[White "Kalisvaart,P"]
[Black "Verduyn,F"]
[Result "1/2-1/2"]
[WhiteElo "2104"]
[BlackElo "2210"]

1.d4 d5 2.c4 Nc6 3.cxd5 Qxd5 4.e3 e5 5.Nc3 Bb4 6.Bd2 Bxc3 7.bxc3 Nf6 8.Qb3 Qd6
9.Bc1 Be6 10.Ba3 Bxb3 11.Bxd6 cxd6 12.axb3 exd4 13.exd4 O-O 14.Bd3 Rfe8+
15.Ne2 Re7 16.O-O Rae8 17.Ng3 g6 18.b4 b6 19.Bb5 Rc8 20.Rfe1 Rxe1+ 21.Rxe1 a5
22.bxa5 Nxa5 23.Ne2 d5 24.f3 Nc4 25.Ra1 Na5 26.Kf2 Kf8 27.Rb1 Ke7 28.Ke3 Kd6
29.Kd2 Kc7 30.Nf4 Ra8 31.Nd3 Nc4+ 32.Bxc4 dxc4 33.Nb4  1/2-1/2

[Event "12th WY U16 Ol"]
[Site "Singapore SIN"]
[Date "2007.08.11"]
[Round "9"]
[White "Rosenthal,Jon"]
[Black "Aplin,C"]
[Result "1/2-1/2"]
[WhiteElo "2148"]
[BlackElo "2042"]

1.d4 d5 2.c4 Nc6 3.Nf3 e5 4.Nxe5 Nxe5 5.dxe5 dxc4 6.Qa4+ c6 7.Qxc4 Qa5+ 8.Bd2 Qxe5
9.Bc3 Qe6 10.e3 Nf6 11.Qxe6+ Bxe6 12.Bxf6 gxf6 13.Be2 Bd6 14.O-O Ke7 15.Nc3 Rad8
16.Rfd1 Be5 17.h4 f5 18.g3 b5 19.Kf1 a5 20.Ke1 Rxd1+ 21.Kxd1 b4 22.Na4 c5
23.Nxc5 Bxb2 24.Rb1 Rd8+ 25.Kc2 Bc3 26.Nxe6 Rd2+ 27.Kb3 Rxe2 28.Nf4 Rxf2
29.Nd5+ Kd6 30.Nxc3 bxc3 31.Kxc3 Rxa2 32.Rb5 Ke6 33.Kd4 Rd2+ 34.Kc3 Rg2 35.Rxa5 Rxg3
36.Kd2 Kf6 37.Ra6+ Kg7 38.Ra5 Kg6 39.Ra6+ f6 40.h5+ Kxh5 41.Rxf6 Kg4 42.Ke2 Rg2+
43.Kf1 Rh2 44.Rf7 h6 45.Kg1 Re2 46.Rg7+ Kh4 47.Rf7 Kg5 48.Rg7+ Kf6 49.Rg3 Ke5
50.Rh3 Ke4 51.Rxh6 Kxe3 52.Rh3+ Ke4 53.Ra3 f4 54.Kf1 Rb2 55.Ra4+ Kf3 56.Ra3+ Kg4
57.Rc3  1/2-1/2

[Event "HZ Open"]
[Site "Vlissingen NED"]
[Date "2007.08.11"]
[Round "9"]
[White "Miedema,R"]
[Black "Zaragatski,I"]
[Result "1-0"]
[WhiteElo "2271"]
[BlackElo "2480"]

1.d4 d5 2.c4 Nc6 3.cxd5 Qxd5 4.e3 e5 5.Nc3 Qd8 6.d5 Nb8 7.Bd3 Nd7 8.Nf3 a6
9.h3 Bd6 10.O-O Ne7 11.e4 O-O 12.Be3 Ng6 13.Re1 h6 14.Rc1 Nf6 15.Nd2 Nh7
16.Nc4 Nf4 17.Bxf4 exf4 18.e5 Bc5 19.Bxh7+ Kxh7 20.Qf3 b5 21.Na5 Bb6 22.Nc6 Qg5
23.e6 Bb7 24.Re5 Qh4 25.Ne2 fxe6 26.dxe6 Rae8 27.Ned4 g6 28.e7 Rf6 29.Qg4 Qxg4
30.hxg4 Rd6 31.Re6 Bxd4 32.Rxd6 cxd6 33.Nxd4 Rxe7 34.f3 Kg7 35.Kf2 Kf6 36.Rh1 Re3
37.Ne2 Rd3 38.Nxf4 Rd2+ 39.Ke3 Rxb2 40.Rxh6 Rxa2 41.Rxg6+ Kf7 42.Rxd6 Bc8
43.g5 Ke7 44.Rb6 Rc2 45.g6 Kf8 46.Rf6+ Kg8 47.Rd6 Bf5 48.g4 Rc3+ 49.Kd2 Rxf3
50.gxf5 Rxf4 51.f6  1-0

[Event "Open"]
[Site "Ptuj SLO"]
[Date "2007.08.13"]
[Round "2"]
[White "Filip,Ma"]
[Black "Gruskovnjak,T"]
[Result "0-1"]
[WhiteElo "2050"]
[BlackElo "2348"]

1.d4 d5 2.c4 Nc6 3.cxd5 Qxd5 4.e3 e5 5.Nc3 Bb4 6.Bd2 Bxc3 7.Bxc3 exd4 8.Ne2 Nf6
9.Nxd4 O-O 10.Nb5 Qg5 11.h4 Qh6 12.Nxc7 Bg4 13.Qb3 Rad8 14.Qxb7 Ne4 15.Bb5 Qd6
16.O-O Nxc3 17.Qxc6 Nxb5 18.Qxb5 Qxc7 19.Rac1 Qe7 20.Qg5 Qxg5 21.hxg5 Rd2
22.Rc7 a6 23.f3 Be6 24.Rb7 Rc8 25.a4 g6  0-1

[Event "Independence Cup A"]
[Site "Kyiv UKR"]
[Date "2007.08.14"]
[Round "2"]
[White "Dzupin,D"]
[Black "Burakovsky,M"]
[Result "1-0"]
[WhiteElo "2298"]
[BlackElo "2032"]

1.d4 d5 2.c4 Nc6 3.Nf3 Bg4 4.Nc3 Bxf3 5.exf3 Nf6 6.Bg5 dxc4 7.d5 Ne5 8.Qd4 Nd3+
9.Bxd3 cxd3 10.O-O c6 11.Bxf6 gxf6 12.Rfe1 Bg7 13.d6 e6 14.f4 O-O 15.f5 e5
16.Qxd3 Qd7 17.Rad1 h6 18.Re3 Kh7 19.Ne4 b6 20.Rh3 Rh8 21.Rxh6+ Kg8 22.Rxh8+ Bxh8
23.Qg3+ Kf8 24.Qh4 Bg7 25.Nxf6 Qd8 26.Nh7+ Kg8 27.f6  1-0

[Event "TCh-ESP CECLUB Norte Div 1"]
[Site "Sabadell ESP"]
[Date "2007.08.16"]
[Round "3"]
[White "Marcet Bisbale,A"]
[Black "Fontana Sotomayor,L"]
[Result "1-0"]
[WhiteElo "2299"]
[BlackElo "2340"]

1.d4 d5 2.c4 Nc6 3.Nf3 Bg4 4.cxd5 Bxf3 5.gxf3 Qxd5 6.e3 e5 7.Nc3 Bb4 8.Bd2 Bxc3
9.bxc3 Qd6 10.Rg1 Nge7 11.Rb1 O-O 12.f4 exf4 13.Qg4 Ng6 14.h4 f5 15.Qg5 fxe3
16.fxe3 Rae8 17.h5 Nxd4 18.cxd4 Qxd4 19.hxg6 h6 20.Qg2 f4 21.Qe2 Qf6 22.Rb3 Kh8
23.Kd1 fxe3 24.Rxe3 Qa1+ 25.Bc1 Rd8+ 26.Kc2 Qxa2+ 27.Bb2 Qa4+ 28.Kc1 Rfe8
29.Rxe8+ Rxe8 30.Qd2 Qh4 31.Bg2  1-0

[Event "Independence Cup A"]
[Site "Kyiv UKR"]
[Date "2007.08.20"]
[Round "8"]
[White "Henrichsen,J"]
[Black "Burakovsky,M"]
[Result "1-0"]
[WhiteElo "2018"]
[BlackElo "2032"]

1.d4 d5 2.c4 Nc6 3.Nc3 dxc4 4.e3 e5 5.Nf3 Bg4 6.d5 Bxf3 7.gxf3 Na5 8.Qa4+ c6
9.b4 cxb3 10.axb3 Qb6 11.dxc6 Nxc6 12.Nd5 Bb4+ 13.Ke2 Qc5 14.Nxb4 Qxb4 15.Qxb4 Nxb4
16.Bb2 f6 17.Bh3 Ne7 18.Rhd1 Nbd5 19.Be6 Nc7 20.Bh3 a6 21.Rd7 Ncd5 22.Rxb7 Ng6
23.Kf1 Nde7 24.Be6 Nf8 25.Bc4 Nd7 26.Bb5 O-O 27.Bxd7 Ng6 28.Be6+ Kh8 29.Rc1 Rfe8
30.Bf7 Rec8 31.Rcc7 Nh4 32.Bd5 Rxc7 33.Rxc7 Rd8 34.Ra7 h6 35.Ra8 Rxa8 36.Bxa8 Kh7
37.Bc3 Kg6 38.Ke2 Kg5 39.Bb7 Nf5 40.Bxa6 Kh4 41.Bb4 h5 42.Kf1 Nh6 43.Bf8 Nf5
44.b4 g5 45.Bc8  1-0

[Event "TCh-ESP CECLUB Sur Div 1"]
[Site "Burguillos ESP"]
[Date "2007.08.22"]
[Round "1"]
[White "Rabadan Velasco,R"]
[Black "Flores Chico,J"]
[Result "0-1"]
[WhiteElo "2325"]
[BlackElo "2096"]

1.d4 d5 2.c4 Nc6 3.Nf3 Bg4 4.Nc3 e6 5.cxd5 exd5 6.Qb3 Bb4 7.Ne5 Bxc3+ 8.bxc3 Nxe5
9.dxe5 Ne7 10.Ba3 Be6 11.Rd1 O-O 12.e4 Re8 13.exd5 Nxd5 14.c4 Qg5 15.Qg3 Qxg3
16.hxg3 Nb6 17.Rh4 f6 18.Bd3 g6 19.Kd2 Rad8 20.Kc2 fxe5 21.Rdh1 Rd7 22.Re1 Red8
23.Bf1 Rd2+ 24.Kb3 Bf5 25.Rxe5 Bc2+ 26.Kb4 Rxf2 27.Be2 Bf5 28.g4 Bd3 29.Bxd3 Rxd3
30.Re7 Rd4 31.Rexh7 Rxc4+ 32.Kb3 Rxg2 33.Rh8+ Kf7 34.R4h7+ Ke6 35.Re8+ Kd5
36.Re3 a5 37.Bc1 Rxc1  0-1

[Event "XIX Open"]
[Site "Porto San Giorgio ITA"]
[Date "2007.08.22"]
[Round "2"]
[White "Di Caro,C"]
[Black "Rotoni,M"]
[Result "1-0"]
[WhiteElo "2366"]
[BlackElo "2074"]

1.d4 d5 2.c4 Nc6 3.Nc3 e5 4.cxd5 Nxd4 5.e3 Nf5 6.Bb5+ Bd7 7.Qb3 Nd6 8.Bxd7+ Qxd7
9.Nf3 f6 10.O-O g6 11.e4 Bg7 12.Re1 Nh6 13.Bd2 O-O 14.Rac1 Nhf7 15.Na4 b6
16.Rc6 Nd8 17.Rc2 Rf7 18.Bb4 Bh6 19.Nc3 N8b7 20.Nb1 a5 21.Ba3 b5 22.Bc5 Nxc5
23.Rxc5 a4 24.Qd3 Nc4 25.b3 Bf8 26.Rc6 Na5 27.Rcc1 c5 28.Nfd2 Bd6 29.Na3 axb3
30.axb3 Rb8 31.Nc2 Qd8 32.Ra1 Qb6 33.Ra2 Rc8 34.Ne3 c4 35.bxc4 bxc4 36.Ndxc4 Nxc4
37.Nxc4 Qb4 38.Rc1 Rfc7 39.Rac2 Qa4 40.g3 Qa6 41.Qb3 Rb7 42.Qd3 Rb4 43.Qf1 Qa4
44.Nb6 Qxc2 45.Nxc8 Qxe4 46.Nxd6 Qxd5 47.Qa6 Rb8 48.Rc8+ Rxc8 49.Qxc8+ Kg7
50.Qd7+  1-0

[Event "FSIM September"]
[Site "Budapest HUN"]
[Date "2007.09.05"]
[Round "5"]
[White "Gauri,S"]
[Black "Vegh,E"]
[Result "1-0"]
[WhiteElo "2177"]
[BlackElo "2313"]

1.d4 d5 2.c4 Nc6 3.cxd5 Qxd5 4.e3 e5 5.Nc3 Bb4 6.Bd2 Bxc3 7.bxc3 Qd6 8.Bd3 Nge7
9.Ne2 O-O 10.O-O b6 11.f4 exd4 12.cxd4 Bb7 13.f5 Ne5 14.Bc2 Ng4 15.Rf4 Nf6
16.e4 g5 17.e5 Qd5 18.Rf3 g4 19.Rg3 Ba6 20.exf6 Bxe2 21.Rxg4+ Bxg4 22.Qxg4+ Ng6
23.fxg6  1-0

[Event "4th LGA Premium Cup"]
[Site "Nuernberg GER"]
[Date "2007.09.07"]
[Round "3"]
[White "Jahnel,G"]
[Black "Zaragatski,I"]
[Result "0-1"]
[WhiteElo "2315"]
[BlackElo "2480"]

1.d4 d5 2.c4 Nc6 3.Nc3 dxc4 4.Nf3 Nf6 5.e4 Bg4 6.Be3 e6 7.Bxc4 Bb4 8.Qc2 O-O
9.Rd1 Bxf3 10.gxf3 Nh5 11.a3 Ba5 12.e5 Ne7 13.Rg1 Nf5 14.Qe4 Kh8 15.Qg4 Nxe3
16.fxe3 g6 17.Rg2 Qe7 18.Rd3 c5 19.dxc5 Bxc3+ 20.Rxc3 Qxc5 21.Qe4 Qa5 22.Rd2 Rac8
23.Rcd3 Ng7 24.Bb3 Nf5 25.f4 Qb6 26.Kf2 Kg7 27.Bd1 Rc7 28.Bf3 Rfc8 29.Be2 Rc4
30.Qf3 Rc2 31.Rxc2 Rxc2 32.b4 h5 33.Qe4 Qc7 34.Rb3 Rd2 35.Rb1 Qd8 36.a4 Qh4+  0-1

[Event "4th LGA Premium Cup"]
[Site "Nuernberg GER"]
[Date "2007.09.09"]
[Round "7"]
[White "Braun,A"]
[Black "Koepke,C"]
[Result "1-0"]
[WhiteElo "2540"]
[BlackElo "2295"]

1.d4 d5 2.c4 Nc6 3.Nf3 Bg4 4.Qa4 Bxf3 5.gxf3 e5 6.dxe5 Qh4 7.Nc3 Bb4 8.f4 d4
9.a3 dxc3 10.axb4 cxb2 11.Bxb2 Qxf4 12.b5 Nxe5 13.b6+ c6 14.c5 Qf5 15.f4 Ng4
16.Bxg7 Qxc5 17.Qd4 Qxd4 18.Bxd4 f6 19.Rg1 N4h6 20.Rxa7 Rb8 21.e4 Nf7 22.Bc4 Ne7
23.Bxf6 Rg8 24.Rxg8+ Nxg8 25.Bxf7+ Kxf7 26.Be5  1-0

[Event "3rd Geller mem Open A"]
[Site "Odessa UKR"]
[Date "2007.09.11"]
[Round "4"]
[White "Kutsykh,M"]
[Black "Ovsiannikov,M"]
[Result "1-0"]
[WhiteElo "2202"]
[BlackElo "2081"]

1.d4 d5 2.c4 Nc6 3.Nf3 Bg4 4.Nc3 dxc4 5.d5 Bxf3 6.exf3 Ne5 7.Qd4 Nd3+ 8.Bxd3 cxd3
9.O-O Nf6 10.Bf4 c6 11.d6 Qb6 12.Qe5 e6 13.Na4 Qb5 14.Nc5 Nd7 15.Nxd7 Kxd7
16.Qc3 Qf5 17.Bg3 Bxd6 18.Rad1 Bxg3 19.hxg3 f6 20.g4 Qg6 21.Rxd3+ Kc7 22.Rfd1 Qf7
23.Qd2 Qf8 24.Rd7+ Kb6 25.Qd4+ Ka6 26.Qa4+ Kb6 27.Qb3+  1-0

[Event "12th ch-Asia w"]
[Site "Tehran IRI"]
[Date "2007.09.11"]
[Round "9"]
[White "Karavade,E"]
[Black "Wang Yu A"]
[Result "1-0"]
[WhiteElo "2367"]
[BlackElo "2384"]

1.d4 d5 2.c4 Nc6 3.Nc3 dxc4 4.Nf3 a6 5.d5 Na5 6.Qa4+ c6 7.b4 cxb3 8.axb3 e6
9.Bd2 b6 10.b4 b5 11.Qxa5 Qxa5 12.bxa5 exd5 13.e4 dxe4 14.Nxe4 c5 15.Bf4 Bb7
16.Nd6+ Bxd6 17.Bxd6 c4 18.Be2 Nf6 19.O-O Nd5 20.Rfe1 O-O-O 21.Bg3 Nc3 22.Bf1 Ne4
23.Bf4 f6 24.Rac1 Bd5 25.Nd4 g5 26.Be3 Nd6 27.Nc2 Nf5 28.Bb6 Rde8 29.Nb4 Bb7
30.Red1 h5 31.Rd2 Kb8 32.g3 Ne7 33.Bg2 Bc8 34.Rd6 f5 35.Re1 Rh7 36.Rxe7  1-0

[Event "3rd Geller mem Open A"]
[Site "Odessa UKR"]
[Date "2007.09.13"]
[Round "6"]
[White "Lomakin,V"]
[Black "Kovaleva,M"]
[Result "1/2-1/2"]
[WhiteElo "2086"]
[BlackElo "2042"]

1.d4 d5 2.c4 Nc6 3.Nf3 Bg4 4.Qa4 Bxf3 5.exf3 dxc4 6.Nc3 e6 7.Bxc4 a6 8.d5 exd5
9.Bxd5 Ne7 10.Qe4 f5 11.Bxc6+ bxc6 12.Qc4 Qd7 13.O-O Nd5 14.Re1+ Kf7 15.Bg5 Kg6
16.Bh4 Bd6 17.Red1 Rab8 18.Nxd5 cxd5 19.Qxd5 Rxb2 20.Bg3 Rb6 21.Re1 Re8 22.h4 h5
23.Qd2 Kh7 24.Bf4 Rxe1+ 25.Rxe1 Qf7 26.Rc1 Qf6 27.Bxd6 cxd6 28.Qf4 Rb2 29.a4 a5
30.Rc4 Re2 31.Rc6 Qe5 32.Qxe5 Rxe5 33.Kf1 Rd5 34.Ra6 Kg6 35.Ke2 f4 36.g4 fxg3
37.fxg3 Kf5 38.Ra7 g6 39.Ke3 Ke5 40.Re7+ Kf6 41.Ra7 Re5+ 42.Kf2 Ke6 43.Rg7 Kf6
44.Ra7 Rc5 45.Ke3 Ke5 46.Re7+ Kf5 47.Rf7+  1/2-1/2

[Event "3rd Geller mem Open A"]
[Site "Odessa UKR"]
[Date "2007.09.14"]
[Round "7"]
[White "Shishkin,Va UKR"]
[Black "Korobkov,P"]
[Result "1/2-1/2"]
[WhiteElo "2543"]
[BlackElo "2423"]

1.d4 d5 2.c4 Nc6 3.Nc3 dxc4 4.Nf3 Nf6 5.Bg5 Bg4 6.d5 Bxf3 7.exf3 Ne5 8.Qd4 Ned7
9.Bxc4 g6 10.O-O-O Bg7 11.h4 Nb6 12.Bb3 Kf8 13.Qe3 a5 14.a4 Nc8 15.Bh6 Nd6
16.g4 Bxh6 17.Qxh6+ Ke8 18.Rhe1 Kd7 19.Qf4 Ra6 20.Bc4 Rb6 21.Bb5+ Kc8 22.Qe5 Nd7
23.Qxe7 Re8 24.Qxd8+ Kxd8 25.Re3 Rxe3 26.fxe3 Ne5 27.Be2 Nec4 28.e4 Rxb2
29.e5 Rb3 30.Kc2 Rb2+ 31.Kc1 Rb3 32.Kc2  1/2-1/2

[Event "TCh-FIN 2007-8"]
[Site "Finland FIN"]
[Date "2007.09.16"]
[Round "2"]
[White "Myller,J"]
[Black "Hynninen,J"]
[Result "1-0"]
[WhiteElo "2158"]
[BlackElo "2137"]

1.d4 d5 2.c4 Nc6 3.Nf3 Bg4 4.Nc3 e6 5.Bf4 Bxf3 6.gxf3 dxc4 7.e3 Bd6 8.Bg3 e5
9.dxe5 Nxe5 10.Bxc4 Nxc4 11.Qa4+ c6 12.Qxc4 Bxg3 13.hxg3 Nf6 14.Rd1 Qe7 15.g4 Rd8
16.Rxd8+ Qxd8 17.g5 Nd7 18.f4 O-O 19.Ke2 Qe7 20.Ne4 Kh8 21.Qd3 f5 22.gxf6 Nxf6
23.Ng5 h6 24.Nf3 Rd8 25.Qg6 Nd7 26.Ng5 Nf8 27.Nf7+  1-0

[Event "17th ch-EU U18 Boys"]
[Site "Sibenik CRO"]
[Date "2007.09.16"]
[Round "3"]
[White "Llorente Zaro,A"]
[Black "Rakhmanov,A"]
[Result "1-0"]
[WhiteElo "2422"]
[BlackElo "2489"]

1.d4 d5 2.c4 Nc6 3.Nc3 Nf6 4.Nf3 dxc4 5.e3 Bg4 6.Bxc4 e6 7.Bb5 Qd7 8.h3 Bxf3
9.Qxf3 Nd5 10.Bd2 a6 11.Ba4 Nb6 12.Bxc6 Qxc6 13.Qxc6+ bxc6 14.Rc1 Kd7 15.Ke2 a5
16.Rc2 Ra6 17.Rhc1 Nd5 18.Na4 f5 19.f3 Be7 20.e4 Nf6 21.Kd3 Rb8 22.Rc4 Rb5
23.b3 fxe4+ 24.fxe4 Rh5 25.Bf4 h6 26.Be5 Rh4 27.Bxf6 gxf6 28.Nc5+ Bxc5 29.Rxc5 Kd6
30.Rf1 a4 31.b4 Rb6 32.a3 Rb5 33.Rxb5 cxb5 34.Rxf6 Ke7 35.Rf3 Rh5 36.Rf4 Rg5
37.Rg4 Rxg4 38.hxg4 Kf6 39.Ke3 Kg5 40.Kf3 e5 41.dxe5 Kg6 42.Ke3 c5 43.bxc5 b4
44.c6  1-0

[Event "17th ch-EU U16 Boys"]
[Site "Sibenik CRO"]
[Date "2007.09.23"]
[Round "9"]
[White "Anton,T"]
[Black "Ter Schegget,B"]
[Result "1/2-1/2"]
[WhiteElo "2212"]
[BlackElo "2139"]

1.d4 d5 2.c4 Nc6 3.cxd5 Qxd5 4.Nf3 e5 5.Nc3 Bb4 6.e3 Nf6 7.Bd2 Bxc3 8.Bxc3 Ne4
9.dxe5 Nxc3 10.bxc3 Qc5 11.Qc2 O-O 12.Rb1 a6 13.Bd3 h6 14.Be4 Nxe5 15.Nxe5 Qxe5
16.O-O c6 17.Rfd1 Rb8 18.Rd4 Be6 19.Rbd1 Qa5 20.R1d2 Rbd8 21.Qb2 c5 22.Rxd8 Rxd8
23.h4 Rxd2 24.Qxd2 Qc7 25.a4 b5 26.axb5 axb5 27.Qb2 Qa5 28.g3 b4 29.cxb4 Qxb4
30.Qxb4 cxb4 31.Kf1 Kf8 32.Ke2 Ke7 33.Kd3 Kd6 34.Kd4 g5 35.hxg5 hxg5 36.f4 f6
37.Bd3 gxf4 38.gxf4 Bf7 39.Bc4 Be8 40.Bb3 Bb5  1/2-1/2

[Event "16th Monarch Assurance"]
[Site "Port Erin IOM"]
[Date "2007.09.29"]
[Round "8"]
[White "Almond,R"]
[Black "Spanton,T"]
[Result "0-1"]
[WhiteElo "2101"]
[BlackElo "1982"]

1.d4 d5 2.c4 Nc6 3.Nc3 dxc4 4.Nf3 Nf6 5.e4 Bg4 6.Be3 e6 7.Bxc4 Bb4 8.Qc2 O-O
9.Rd1 Bxf3 10.gxf3 Nh5 11.Rg1 Qh4 12.Kd2 e5 13.dxe5 Nxe5 14.Be2 Nf4 15.Kc1 Bxc3
16.bxc3 Rfd8 17.Bd4 Qe7 18.Kb1 c5 19.Be3 Nxe2 20.Qxe2 Rxd1+ 21.Rxd1 c4 22.Rd4 b5
23.Rd5 a6 24.Bc5 Qe8 25.Qe3 Nd3 26.Qd4 Rc8 27.Ba3 h6 28.e5 b4 29.Bc1 bxc3
30.Qxc3 Qc6 31.Rd4 Rb8+ 32.Kc2 Qa4+ 33.Kd2 Qxa2+ 34.Qc2 Nxc1 35.Qxa2 Nxa2
36.Rxc4 Nb4 37.Kc3 Nd5+ 38.Kd4 Nf4 39.Ra4 Ne6+ 40.Kd5 Rb2 41.h4 Rxf2 42.Ra3 Rh2
43.Ra4 Rh3 44.Kd6 Rxf3 45.Rxa6 g6 46.Ra1 Rf4 47.Rh1 h5 48.Rh2 Nd4 49.Rh1 Nf5+
50.Kd5 Rd4+ 51.Kc5 Rxh4  0-1

[Event "16th Monarch Assurance"]
[Site "Port Erin IOM"]
[Date "2007.09.30"]
[Round "9"]
[White "Van den Bersselaar,J"]
[Black "Spanton,T"]
[Result "1-0"]
[WhiteElo "2183"]
[BlackElo "1982"]

1.d4 d5 2.c4 Nc6 3.cxd5 Qxd5 4.e3 e5 5.Nc3 Bb4 6.Bd2 Bxc3 7.bxc3 Nf6 8.c4 Qd6
9.d5 Ne7 10.Qa4+ Bd7 11.Qb3 Ne4 12.Bb4 c5 13.dxc6 Qxc6 14.Nf3 f6 15.Qa3 Nf5
16.Be2 b6 17.O-O Nc5 18.Rfd1 O-O 19.Nd2 Nh4 20.Nf3 Nf5 21.Bxc5 bxc5 22.Rd5 Rfc8
23.Rad1 Be6 24.R5d2 h5 25.Ne1 Rc7 26.Bxh5 Bxc4 27.Bg6  1-0